000 01318nam2a2200265 4500
001 RU\NLR\BIBL_A\016353096
005 20250625052715.0
035 _a(NLR Aleph) 016353096
090 _a13127307
_c13127307
100 _a20230421d1973 |||y0rusy50 ca
101 0 _arus
102 _aRU
105 _ay ac 000zy
200 0 _a...за 1973 г.
_fсоставитель: Н. Е. Виталева
_gнаучный редактор: А. Д. Василевская
210 _d1974
_aБ. м.
215 _a194, [1] с.
320 _aБиблиогр.: с. 167-190
320 _aИмен. указ.: с. 149-162
320 _aУказ. науч. учреждений: с. 163-167
461 0 _1001rc\3469980
_12001#$aНаука и научно-исследовательская работа в БССР$eБиблиогр. указ. литературы$fАН БССР. Фундам. б-ка им. Я. Коласа$v...за 1973 г.
_95660696
_cМинск
_d1970
_fАН БССР. Фундам. б-ка им. Я. Коласа
_nБ. и.
_oБиблиогр. указ. литературы...
_tНаука и научно-исследовательская работа в БССР
_v...за 1973 г.
852 _aNLR
_jС11-420/Н-34
942 _cBOOK
980 _aNB